000 00276nam a22001217a 4500
008 180607b xxu||||| |||| 00| 0 eng d
041 _aeng
080 _a043.3
100 _a0
101 _aSHKI-MA
245 _aEnd of Life of Electronic Devices
_cJahiu, H
942 _2udc
_cBK
999 _c46559
_d46559